Biblioteca y Centro de Documentación

Desarrollo (Registro nro. 25734)

Detalles MARC
000 -CABECERA
Longitud fija campo de control 01591nas a2200397 c 4500
001 - NÚMERO DE CONTROL
Número de control 25734
003 - IDENTIFICADOR DE NÚMERO DE CONTROL
Identificador del número de control ES-MaCES
005 - FECHA Y HORA DE LA ÚLTIMA TRANSACCIÓN
Fecha y hora de la última transacción 20160415200842.0
008 - CAMPO FIJO DE DESCRIPCIÓN FIJA--INFORMACIÓN GENERAL
Códigos de información de longitud fija   950427u1994 sp xx p tt i| |spa d
017 ## - NÚMERO DE REGISTRO DE DERECHOS DE AUTOR Y DEPÓSITO LEGAL
Número de copyright o de depósito legal M 21296-1982
Agencia que asigna el número DL
022 1# - ISSN (INTERNATIONAL STANDARD SERIAL NUMBER)
Número Internacional Normalizado para Publicaciones Seriadas 0212-2488
035 ## - NÚMERO DE CONTROL DEL SISTEMA
Número de control del sistema CES19980007265p
Número de control cancelado;no válido 10432
040 ## - FUENTE DE CATALOGACIÓN
Centro catalogador de origen ES-MaCES
Lengua de catalogación spa
Centro transcriptor ES-MaCES
245 00 - MENCIÓN DE TÍTULO
Título Desarrollo
Resto del título : revista de la Sociedad Internacional para el Desarrollo
246 03 - FORMA VARIANTE DEL TÍTULO
Título propio ; Título en breve Development, the journal of the Society of International Development
250 ## - MENCIÓN DE EDICIÓN
Mención de edición Ed. en español
260 ## - PUBLICACIÓN, DISTRIBUCIÓN, ETC (PIE DE IMPRENTA)
Lugar de publicación, distribución, etc. [Madrid (Los Madrazo, 36, 28014)]
Nombre del editor, distribuidor, etc. Capítulo Español de la SID
300 ## - DESCRIPCIÓN FÍSICA
Extensión v.
Dimensiones 28 cm
310 ## - PERIODICIDAD ACTUAL DE LA PUBLICACIÓN
Periodicidad actual Bianual, a partir del n. 29 (2000)
321 ## - PERIODICIDAD ANTERIOR DE LA PUBLICACIÓN
Periodicidad anterior Irregular
500 ## - NOTA GENERAL
Nota general Descripción basada en: n. 24 (1994)
500 ## - NOTA GENERAL
Nota general Los años 1995 y 2002 no publicó ningún n
500 ## - NOTA GENERAL
Nota general Versión esp. de la ed.: Development, the journal of the Society of International Development
541 ## - NOTA DE LA FUENTE INMEDIANTE DE ADQUISICIÓN
Forma de adquisición Compra
592 ## - CES. NOTA ESTADO DE LA PUBLICACIÓN
Estado publicación Cancelada
650 #4 - ASIENTO SECUNDARIO DE MATERIA--TÉRMINO DE MATERIA
Término de materia o nombre geográfico como elemento inicial cooperación internacional
9 (RLIN) 26635
650 #4 - ASIENTO SECUNDARIO DE MATERIA--TÉRMINO DE MATERIA
Término de materia o nombre geográfico como elemento inicial ayuda al desarrollo
9 (RLIN) 26634
653 10 - TÉRMINO DE INDEXACIÓN--NO CONTROLADO
Término no controlado Cooperación al desarrollo
710 2# - ENCABEZAMIENTO SECUNDARIO--NOMBRE CORPORATIVO
Nombre de entidad o nombre de jurisdicción como elemento inicial Sociedad Internacional para el Desarrollo
9 (RLIN) 5003
710 2# - ENCABEZAMIENTO SECUNDARIO--NOMBRE CORPORATIVO
Nombre de entidad o nombre de jurisdicción como elemento inicial Sociedad Internacional para el Desarrollo
Unidad subordinada Capítulo Español
Término indicativo de función ed.
9 (RLIN) 5004
853 21 - LEYENDAS Y PATRÓN--UNIDAD BIBLIOGRÁFICA BÁSICA
Segundo nivel de enumeración n.
Primer nivel de cronología año
Segundo nivel de cronología semestral
Continuidad en la numeración c
Frecuencia f
866 #0 - FUENTES TEXTUALES--UNIDAD BIBLIOGRÁFICA BÁSICA
Holdings textuales 1994-2008.
Nota pública Ubicación: DEPÓSITO - 10432
905 ## - CES. DATOS REVISTA
Boletín de sumarios (Sirtex 591$a) Boletín A
Kardex
Abreviatura boletín DesaSID
Proceso +
942 ## - ELEMENTOS KOHA
Fuente de clasificaión o esquema Clasificación propia del CES
Koha [por defecto] tipo de item Periódicas
Parte de clasificación 1.2.
Existencias
Número de registro Signatura completa Tipo de item de Koha
008309 10432 Periódicas
016961 10432 Periódicas
025704 10432 Periódicas
028717 10432 Periódicas
032457 10432 Periódicas
036937 10432 Periódicas
040258 10432 Periódicas
045638 10432 Periódicas
052817 10432 Periódicas
055551 10432 Periódicas
072248 10432 Periódicas
© CES, Consejo Económico y Social de España 2021